UBT Library

The social physics of Adam Smith / (Record no. 40688)

000 -LEADER
fixed length control field 00564nam a2200217 i 4500
001 - CONTROL NUMBER
control field 3651059
005 - DATE AND TIME OF LATEST TRANSACTION
control field 20180122091538.0
008 - FIXED-LENGTH DATA ELEMENTS--GENERAL INFORMATION
fixed length control field 761029s1976 inu b 001 0 eng
010 ## - LIBRARY OF CONGRESS CONTROL NUMBER
LC control number 76005710
020 ## - INTERNATIONAL STANDARD BOOK NUMBER
International Standard Book Number 0911198431 :
Terms of availability $11.95
040 ## - CATALOGING SOURCE
Original cataloging agency DLC
Transcribing agency DLC
Modifying agency DLC
041 ## - LANGUAGE CODE
Language code of text/sound track or separate title eng
080 ## - UNIVERSAL DECIMAL CLASSIFICATION NUMBER
Universal Decimal Classification number 330.153 FOL
082 00 - DEWEY DECIMAL CLASSIFICATION NUMBER
Classification number 330.153 FOL
100 1# - Rafti
Rafti 49.
101 ## - Shkurtesa
Shkurtesa PSI
245 14 - TITLE STATEMENT
Title The social physics of Adam Smith /
Statement of responsibility, etc by Vernard Foley.
504 ## - BIBLIOGRAPHY, ETC. NOTE
Bibliography, etc Bibliography: p. 255-258.
906 ## - LOCAL DATA ELEMENT F, LDF (RLIN)
a 7
b cbc
c orignew
d 2
e ocip
f 19
g y-gencatlg
942 ## - ADDED ENTRY ELEMENTS (KOHA)
Source of classification or shelving scheme
Item type Books
Holdings
Withdrawn status Lost status Source of classification or shelving scheme Damaged status Not for loan Collection code Permanent location Current location Shelving location Date acquired Total Checkouts Full call number Barcode Date last seen Price effective from Koha item type
          Koleksioni i përgjithshem UBT - Lipjan UBT - Lipjan Koleksioni i përgjithshem 01/22/2018   330.153 FOL 002-2996004 01/22/2018 01/22/2018 Books
UBT Library © 2015-2024. All rights reserved University Education for Business and Technology